[Event "Madrid-ch U16"]
[Site "Madrid"]
[Date "2019.04.06"]
[Round "5"]
[White "Doval Mancheno, Pablo"]
[Black "Gonzalez Jimenez, Gerardo"]
[Result "1-0"]
[WhiteElo "1831"]
[BlackElo "1652"]
[PlyCount "119"]
[EventDate "2019.03.30"]
[EventType "swiss"]
[EventRounds "6"]
[EventCountry "ESP"]
[SourceTitle "EXT 2021"]
[Source "ChessBase"]
[SourceDate "2020.10.23"]
[SourceVersion "1"]
[SourceVersionDate "2020.10.23"]
[SourceQuality "1"]

1. e4 e6 2. d4 d5 3. Nc3 Nf6 4. e5 Nfd7 5. Nf3 a6 6. Bd3 c5 7. dxc5 Nc6 8. Bf4 Bxc5 9. 0-0 Be7 10. Re1 0-0 11. a3 b5 12. Qd2 Bb7 13. Ne2 Nc5 14. Ned4 Nxd3 15. Qxd3 Na5 16. b3 Rc8 17. Bd2 Bc6 18. Bxa5 Qxa5 19. b4 Qb6 20. c3 Rc7 21. h4 Rfc8 22. Ng5 g6 23. Rac1 a5 24. Qf3 Be8 25. Nb3 axb4 26. axb4 Bxb4 27. cxb4 Rxc1 28. Rxc1 Rxc1+ 29. Nxc1 Qd4 30. Nd3 Qxh4 31. Qf4 Qh5 32. Nf3 h6 33. g4 Qh3 34. Qg3 Qxg3+ 35. fxg3 Kf8 36. g5 hxg5 37. Nxg5 Ke7 38. Nc5 Bc6 39. Kf2 Be8 40. Ke3 Bc6 41. Nh7 Be8 42. Nf6 Bc6 43. Kd4 Kd8 44. Nb3 Kc7 45. Kc5 d4 46. Nxd4 Bh1 47. Nxb5+ Kd8 48. Nd6 Ke7 49. b5 Bg2 50. Nde4 Bf1 51. b6 Ba6 52. Nd6 Kf8 53. b7 Bxb7 54. Nxb7 Ke7 55. Na5 Kf8 56. Kd6 Kg7 57. Ke7 g5 58. Ne4 Kg6 59. g4 f5 60. exf6 1-0

[Event "Madrid-ch U16"]
[Site "Madrid"]
[Date "2019.03.31"]
[Round "3"]
[White "Doval Mancheno, Pablo"]
[Black "Giron Herranz, Juan"]
[Result "1-0"]
[WhiteElo "1831"]
[BlackElo "1339"]
[PlyCount "61"]
[EventDate "2019.03.30"]
[EventType "swiss"]
[EventRounds "6"]
[EventCountry "ESP"]
[SourceTitle "EXT 2021"]
[Source "ChessBase"]
[SourceDate "2020.10.23"]
[SourceVersion "1"]
[SourceVersionDate "2020.10.23"]
[SourceQuality "1"]

1. e4 c5 2. Nf3 d6 3. d4 cxd4 4. Nxd4 Nf6 5. Nc3 a6 6. Be2 e5 7. Nb3 Nc6 8. Be3 Be7 9. 0-0 0-0 10. Kh1 b5 11. a3 Bb7 12. f4 Rc8 13. Bf3 Na5 14. Nxa5 Qxa5 15. Nd5 Nxd5 16. exd5 Rfd8 17. Bg4 Rc4 18. Qf3 e4 19. Qf2 b4 20. Bb6 Qxd5 21. Bxd8 Bxd8 22. axb4 Rxb4 23. c3 Rb3 24. Rad1 Qc6 25. Rfe1 a5 26. Qd4 e3 27. Bf3 Qxf3 28. gxf3 Bxf3+ 29. Kg1 Bb6 30. Qxb6 Rxb6 31. Rxe3 1-0

[Event "San Sebastian de los Reyes op 18th"]
[Site "San Sebastian"]
[Date "2016.12.08"]
[Round "6"]
[White "Doval Mancheno, Pablo"]
[Black "Enriquez Pastor, Jorge"]
[Result "1/2-1/2"]
[WhiteElo "1629"]
[BlackElo "1415"]
[PlyCount "127"]
[EventDate "2016.12.03"]
[EventType "swiss"]
[EventRounds "9"]
[EventCountry "ESP"]
[SourceTitle "CBM 176 Extra"]
[Source "ChessBase"]
[SourceDate "2017.03.02"]
[SourceVersion "1"]
[SourceVersionDate "2017.03.02"]
[SourceQuality "1"]

1. e4 c6 2. d4 d5 3. Nc3 dxe4 4. Nxe4 Bf5 5. Ng3 Bg6 6. Nf3 Nd7 7. Bd3 Ngf6 8. 0-0 e6 9. Re1 Bb4 10. c3 Ba5 11. Bxg6 hxg6 12. b4 Bc7 13. Bg5 Bxg3 14. fxg3 Qb6 15. a3 0-0-0 16. Qc2 Rh5 17. Reb1 Rdh8 18. h3 Qc7 19. Bf4 Qb6 20. c4 Nb8 21. c5 Qd8 22. b5 Qd5 23. a4 Kd7 24. bxc6+ Qxc6 25. Ne5+ Rxe5 26. Bxe5 Kc8 27. a5 Nbd7 28. Bxf6 Nxf6 29. Qb2 Qa6 30. Qb5 Qxb5 31. Rxb5 Ne4 32. Rb3 Rd8 33. Rb4 Nxg3 34. Kf2 Nf5 35. Rab1 Nxd4 36. Rxb7 Nc6 37. Rxf7 Nxa5 38. Rxa7 Rd2+ 39. Kg3 Rd3+ 40. Kh2 Nc6 41. Rxg7 Ne5 42. Re1 Rd5 43. Re7 Rxc5 44. Rxe6 Nd3 45. Rd1 Nf4 46. Rf6 g5 47. Rf1 Rc2 48. R6xf4 gxf4 49. Rxf4 Kd8 50. h4 Ke8 51. Kh3 Rc7 52. h5 Rh7 53. Kh4 Rg7 54. g4 Rg8 55. h6 Rh8 56. Kh5 Ke7 57. g5 Ke8 58. g6 Rf8 59. Rxf8+ Kxf8 60. Kg5 Kg8 61. Kf6 Kh8 62. g7+ Kg8 63. h7+ Kxh7 64. Kf7 1/2-1/2

[Event "San Sebastian de los Reyes op 18th"]
[Site "San Sebastian"]
[Date "2016.12.06"]
[Round "4"]
[White "Gil Fernandez, Daniel"]
[Black "Doval Mancheno, Pablo"]
[Result "1-0"]
[WhiteElo "1777"]
[BlackElo "1629"]
[PlyCount "55"]
[EventDate "2016.12.03"]
[EventType "swiss"]
[EventRounds "9"]
[EventCountry "ESP"]
[SourceTitle "CBM 176 Extra"]
[Source "ChessBase"]
[SourceDate "2017.03.02"]
[SourceVersion "1"]
[SourceVersionDate "2017.03.02"]
[SourceQuality "1"]

1. d4 Nf6 2. c4 e6 3. Nc3 Bb4 4. e3 b6 5. Nge2 Ne4 6. Qc2 Bxc3+ 7. Nxc3 Nxc3 8. Qxc3 Bb7 9. b4 0-0 10. Bb2 f5 11. 0-0-0 Qf6 12. Qc2 d6 13. Rg1 f4 14. e4 f3 15. g3 Qh6+ 16. Kb1 Qxh2 17. Bd3 Qh5 18. Rh1 Qg5 19. e5 h6 20. Bc1 Qe7 21. Bh7+ Kh8 22. Bxh6 gxh6 23. Rxh6 dxe5 24. Be4+ Kg8 25. Rg6+ Kf7 26. Bxb7 Qxb4+ 27. Ka1 exd4 28. Bxa8 1-0

[Event "San Sebastian de los Reyes op 18th"]
[Site "San Sebastian"]
[Date "2016.12.03"]
[Round "1"]
[White "Rottenwohrer Suarez, Juan"]
[Black "Doval Mancheno, Pablo"]
[Result "1-0"]
[WhiteElo "2171"]
[BlackElo "1629"]
[PlyCount "57"]
[EventDate "2016.12.03"]
[EventType "swiss"]
[EventRounds "9"]
[EventCountry "ESP"]
[SourceTitle "CBM 176 Extra"]
[Source "ChessBase"]
[SourceDate "2017.03.02"]
[SourceVersion "1"]
[SourceVersionDate "2017.03.02"]
[SourceQuality "1"]

1. d4 Nf6 2. c4 e6 3. Nc3 Bb4 4. e3 b6 5. Nge2 Ne4 6. Qc2 Bb7 7. a3 Bxc3+ 8. Nxc3 Nxc3 9. Qxc3 d6 10. b4 Nd7 11. c5 dxc5 12. dxc5 Qf6 13. Qxf6 Nxf6 14. Bb2 0-0-0 15. f3 bxc5 16. bxc5 Rd5 17. Rc1 Rhd8 18. e4 Rd2 19. Bxf6 gxf6 20. c6 Bxc6 21. Rxc6 Rd1+ 22. Kf2 Kb8 23. Rc2 Rb1 24. Ke2 Ra1 25. Rb2+ Kc8 26. Kf2 Rxa3 27. Be2 a5 28. Rhb1 Kd7 29. Rc1 1-0

[Event "Madrid-ch U12"]
[Site "Madrid"]
[Date "2016.04.16"]
[Round "2.2"]
[White "Reyes Penas, Sebastian"]
[Black "Doval Mancheno, Pablo"]
[Result "0-1"]
[WhiteElo "1752"]
[BlackElo "1630"]
[PlyCount "168"]
[EventDate "2016.04.16"]
[EventType "swiss"]
[EventRounds "7"]
[EventCountry "ESP"]
[SourceTitle "EXT 2024"]
[Source "ChessBase"]
[SourceDate "2023.10.10"]
[SourceVersion "1"]
[SourceVersionDate "2023.10.10"]
[SourceQuality "1"]

1. e4 e5 2. Nf3 Nc6 3. Bc4 Bc5 4. d3 Nf6 5. Nc3 h6 6. Be3 Bb6 7. Nd5 d6 8. c3 0-0 9. 0-0 Be6 10. Nxb6 axb6 11. Bb3 Na5 12. c4 Nc6 13. a3 Ne7 14. Bc2 c5 15. h3 Qd7 16. Kh2 Nh7 17. Nd2 g5 18. g4 f6 19. Nb1 b5 20. Bb3 b4 21. a4 b6 22. Nd2 Ra7 23. Qe2 Rfa8 24. Bc2 Nf8 25. Rg1 Nfg6 26. f3 Qe8 27. b3 Bd7 28. Nf1 Nf4 29. Bxf4 exf4 30. Rd1 Nc6 31. Kg2 Nd4 32. Qf2 Kg7 33. Rb1 h5 34. Bd1 Qg6 35. Nh2 Rh8 36. Kf1 h4 37. Kg2 Rha8 38. Nf1 Qe8 39. Qb2 b5 40. cxb5 Bxb5 41. Bc2 Bc6 42. Nd2 d5 43. Rge1 Re7 44. Kf2 Qd7 45. exd5 Bxd5 46. Rxe7+ Qxe7 47. Re1 Qb7 48. Ne4 Bxe4 49. dxe4 Rd8 50. Rd1 Qc7 51. Bd3 Nc6 52. Qc2 Nd4 53. Qc4 Qb6 54. Rc1 Nxb3 55. Rd1 Na5 56. Qb5 Qxb5 57. axb5 c4 58. Bc2 Rxd1 59. Bxd1 b3 60. b6 Kf7 61. Ke2 Ke7 62. Kd2 Kd6 63. b7 Kc7 64. Kc3 Kxb7 65. Kb4 Kb6 66. Kc3 Kb5 67. Be2 Ka4 68. Bd1 Ka3 69. Kd4 b2 70. Bc2 Ka2 71. Kd5 b1Q 72. Bxb1+ Kxb1 73. Ke6 c3 74. Kxf6 c2 75. Kxg5 c1Q 76. Kxh4 Qe3 77. Kg5 Qxf3 78. h4 Qxe4 79. h5 f3 80. h6 f2 81. h7 Qxh7 82. Kf4 f1Q+ 83. Ke5 Qe7+ 84. Kd4 Qd1+ 0-1

[Event "San Sebastian de los Reyes op 16th"]
[Site "San Sebastian"]
[Date "2014.11.30"]
[Round "1"]
[White "Doval Mancheno, Pablo"]
[Black "Bustos Serrano, Doroteo"]
[Result "0-1"]
[WhiteElo "1458"]
[BlackElo "2057"]
[PlyCount "64"]
[EventDate "2014.11.30"]
[EventType "swiss"]
[EventRounds "9"]
[EventCountry "ESP"]
[SourceTitle "CBM 163 Extra"]
[Source "ChessBase"]
[SourceDate "2014.12.23"]
[SourceVersion "1"]
[SourceVersionDate "2014.12.23"]
[SourceQuality "1"]

1. e4 e5 2. Nf3 f5 3. Nxe5 Qf6 4. d4 d6 5. Nc4 fxe4 6. Nc3 Qg6 7. Bf4 Nf6 8. d5 Be7 9. Nb5 Na6 10. Nd4 0-0 11. Qd2 Nxd5 12. Bg3 Bg5 13. Ne3 Nxe3 14. fxe3 Qh6 15. Bc4+ Kh8 16. Bf2 Bd7 17. 0-0 Rf6 18. Bd5 Raf8 19. Rae1 c5 20. Nb3 Bc6 21. Bxc6 bxc6 22. Na5 d5 23. Qe2 Nc7 24. c4 d4 25. exd4 Bd2 26. Be3 Rxf1+ 27. Rxf1 Qxe3+ 28. Kh1 Rxf1+ 29. Qxf1 Qf4 30. Qe2 Bxa5 31. dxc5 Qc1+ 32. Qf1 Qxf1# 0-1